000 00541nam a2200169Ia 4500
008 090201s9999 xx 000 0 und d
010 _aKPL-49683
040 _bमराठी
041 _aमराठी
082 _a9831
_b49683
100 _aसुमती क्षेत्रमाडे
245 _aपतिव्रता
_cसुमती क्षेत्रमाडे
260 _c2004
_bअमोल प्रकाशन
300 _a192
_bमोठा
600 _aपतिव्रता
942 _cBOOK
999 _c210324
_d210324